000 00450nam a2200181Ia 4500
008 240925s9999 xx 000 0 und d
020 _a750657219
082 _a621.388 BRI
100 _aBrice , Richard
245 0 _aNewnes Guide to Digital TV
250 _a2nd
260 _aOxford:
_bNewness
_c,2003.
300 _axv,765p.
_bNA
_fPirated
500 _aIncludes Index
600 _aElectronic Engineering
650 _aTechnology
942 _cBK
999 _c8508
_d8508